Seriál: Finančné trhy pre začiatočníkov

Klasifikácia devízového trhu. Fungovanie devízového trhu. Banky na devízovom trhu. Pôsobenie brokerov. Formy devízového kurzu. Základná a kótovaná mena. Devízová arbitráž a devízová špekulácia. Devízová pozícia.

Salvato in:
Dettagli Bibliografici
Autore principale: Pilch, Ctibor, 1957-
Natura: Capitolo di libro
Lingua:slovacco
Soggetti:
Tags: Aggiungi Tag
Nessun Tag, puoi essere il primo ad aggiungerne!!

MARC

LEADER 00000nla$a2200000$$$4500
001 0059506
005 20240502071647.7
041 0 |a slo 
044 |a SK 
245 1 0 |a Seriál: Finančné trhy pre začiatočníkov  |c Ctibor Pilch 
520 |a Klasifikácia devízového trhu. Fungovanie devízového trhu. Banky na devízovom trhu. Pôsobenie brokerov. Formy devízového kurzu. Základná a kótovaná mena. Devízová arbitráž a devízová špekulácia. Devízová pozícia. 
610 2 0 |a politika devízová 
610 2 0 |a trh finančný 
610 2 0 |a trh devízový 
610 2 0 |a banky centrálne 
610 2 0 |a kurz devízový 
610 2 0 |a arbitráž menová 
100 1 |a Pilch, Ctibor, 1957-